| 000 | 01333cam a2200421Ia 4500 | ||
|---|---|---|---|
| 001 | 101828 | ||
| 005 | 20230410132941.0 | ||
| 008 | 081211s2009 enk b 001 0 eng d | ||
| 035 | _a(OCoLC)ocn286422143 | ||
| 040 |
_aBTCTA _cBTCTA _dYDXCP _dZQP _dCFI _dCDX |
||
| 020 | _a9781844673544 | ||
| 020 | _a1844673545 | ||
| 029 | 1 |
_aAU@ _b000044442987 |
|
| 029 | 1 |
_aCDX _b8988625 |
|
| 029 | 1 |
_aAU@ _b000046612464 |
|
| 035 | _a(OCoLC)286422143 | ||
| 050 | 1 | 4 |
_aB 2949 _bR796h 2009 |
| 082 | 0 | 0 | _a301.092 |
| 049 | _aGRAL | ||
| 100 | 1 |
_aRose, Gillian, _d1962-. |
|
| 245 | 1 | 0 |
_aHegel contra sociology / _cGillian Rose. |
| 260 |
_aLondon : _aNew York ; _bVerso, _c2009. |
||
| 300 |
_a281 p. ; _c20 cm. |
||
| 490 | 1 | _aRadical thinkers | |
| 500 | _aPreviously published: London : Athlone, 1995 and 1981. | ||
| 504 | _aIncludes bibliographical references (p. [268]-278) and index. | ||
| 600 | 1 | 0 |
_aHegel, Georg Wilhelm Friedrich, _d1770-1831 _xPolitical and social views. |
| 650 | 0 | _aSociology. | |
| 650 | 0 | _aNegativity (Philosophy) | |
| 650 | 0 | _aRationalism. | |
| 830 | 0 | _aRadical thinkers. | |
| 938 |
_aBaker and Taylor _bBTCP _nBK0008095398 |
||
| 938 |
_aYBP Library Services _bYANK _n2964486 |
||
| 938 |
_aCoutts Information Services _bCOUT _n8988625 _c6.99 GBP |
||
| 942 |
_2lcc _cbk |
||
| 946 | _aCV | ||
| 994 |
_aC0 _bDRFGD |
||
| 999 |
_c90752 _d90752 |
||